|
|
|
|
| LEADER |
01312nam a22002417a 4500 |
| 001 |
37736 |
| 003 |
BD-DhAAL |
| 008 |
220215t2007 bg ||||| |||| 00| 0 ben d |
| 999 |
|
|
|c 43517
|d 43517
|
| 040 |
|
|
|a BD-DhAAL
|
| 082 |
|
|
|a 370.95492
|2 23
|
| 245 |
|
|
|a আঁধার চিরে ফুটুক আলো :
|b শিক্ষা-নারী-সমাজ-সংস্কৃতি বিষয়ক সংকলন /
|c শফি আহমেদ, রাশেদা কে. চৌধুরী, সৈয়দ-উল-আলম কাজল সম্পাদিত
|
| 260 |
|
|
|a ঢাকা :
|b গণসাক্ষরতা অভিযান /
|c ২০০৭
|
| 300 |
|
|
|a ৩৯৯ পৃষ্ঠা ;
|c ২২ সে.মি.
|
| 526 |
|
|
|a BIED
|
| 541 |
|
|
|a Complimentary copy from BIED
|e 37736
|
| 650 |
|
|
|a Education
|z Bangladesh.
|9 45818
|
| 700 |
|
|
|a আহমেদ, শফি
|9 45819
|
| 700 |
|
|
|a চৌধুরী, রাশেদা কে.
|9 45820
|
| 700 |
|
|
|a কাজল, সৈয়দ-উল-আলম
|9 45821
|
| 852 |
|
|
|a Ayesha Abed Library
|c BIED Collection
|
| 942 |
|
|
|2 ddc
|c BK
|
| 952 |
|
|
|0 0
|1 0
|2 ddc
|4 0
|6 370_954920000000000_AAD
|7 0
|9 69810
|a BRACUL
|b BRACUL
|c GEN
|d 2022-02-15
|e Complimentary copy from BIED
|l 0
|o 370.95492 AAD
|p 3010037736
|r 2022-02-15
|t 1
|w 2022-02-15
|y BK
|x Transferred from BIED to General Stacks
|